[Event "4NCL/Div2/SWD2 vs. WWKS"]
[Site "Telford ENG"]
[Date "2003.04.13"]
[Round "8.8"]
[White "Chevannes, Sabrina"]
[Black "Wilson, Julie"]
[Result "0-1"]
[WhiteElo "1986"]
[BlackElo "1696"]
[PlyCount "72"]
[EventDate "2003.04.13"]

1. d4 Nf6 2. Nf3 e6 3. Bg5 h6 4. Bxf6 Qxf6 5. e4 c5 6. c3 cxd4 7. Nxd4 Bc5 8.
Nf3 Nc6 9. Qc2 O-O 10. Bd3 d6 11. O-O Bd7 12. Nbd2 Rac8 13. Qd1 Ne7 14. e5 Qf4
15. b4 Bb6 16. g3 Qg4 17. c4 dxe5 18. Kg2 Bc6 19. h3 Qd4 20. Nb3 Qd8 21. Qe2 f5
22. Bc2 e4 23. Ne5 Qe8 24. Kh2 Ba4 25. c5 Bc7 26. Nc4 Rd8 27. Rac1 Qg6 28. Rg1
Qf6 29. Ncd2 a6 30. Bb1 Nd5 31. Qe1 Bc6 32. Na5 Nxb4 33. Nxc6 Nxc6 34. Nc4 Nd4
35. Nd2 Ba5 36. Kg2 Nf3 0-1

[Event "4NCL/Div2/3CS1 vs. WES1"]
[Site "West Bromwich ENG"]
[Date "2003.05.03"]
[Round "9.1"]
[White "Davies, Nigel R"]
[Black "Webb, Richard M"]
[Result "1-0"]
[WhiteElo "2483"]
[BlackElo "2372"]
[PlyCount "95"]
[EventDate "2003.05.03"]

1. Nf3 c5 2. e4 d6 3. Nc3 Nf6 4. e5 dxe5 5. Nxe5 Nbd7 6. d4 Nxe5 7. dxe5 Qxd1+
8. Kxd1 Ng4 9. Bb5+ Bd7 10. Bxd7+ Kxd7 11. Re1 Nxf2+ 12. Ke2 Ng4 13. Kf3 h5 14.
h3 Nh6 15. e6+ fxe6 16. Ne4 b6 17. Ng5 Nf5 18. Nxe6 Nd4+ 19. Nxd4 cxd4 20. Bf4
Rc8 21. Rad1 Rxc2 22. Rxd4+ Ke8 23. Re2 Rxe2 24. Kxe2 e6 25. Ra4 g5 26. Bxg5
Rg8 27. h4 a5 28. Re4 Kf7 29. Rf4+ Ke8 30. Rf6 Kd7 31. Rf7+ Kc6 32. b3 Bc5 33.
Kd3 Kd5 34. Rd7+ Kc6 35. Rf7 Kd5 36. Rh7 e5 37. Rxh5 Bd4 38. Rh7 e4+ 39. Ke2
Rc8 40. Rd7+ Ke5 41. Bf6+ Kxf6 42. Rxd4 Ke5 43. Rc4 Rg8 44. Kf2 Rd8 45. h5 Rd2+
46. Ke3 Rxg2 47. Rxe4+ Kf6 48. h6 1-0

[Event "4NCL/Div2/3CS1 vs. WES1"]
[Site "West Bromwich ENG"]
[Date "2003.05.03"]
[Round "9.2"]
[White "Poulton, James"]
[Black "Arkell, Keith C"]
[Result "0-1"]
[WhiteElo "2375"]
[BlackElo "2533"]
[PlyCount "50"]
[EventDate "2003.05.03"]

1. d4 Nf6 2. c4 e6 3. Nf3 Bb4+ 4. Nbd2 d5 5. a3 Be7 6. e3 b6 7. Qa4+ c6 8. cxd5
exd5 9. b4 a5 10. b5 c5 11. dxc5 bxc5 12. Ne5 O-O 13. Bb2 Bd6 14. Nc6 Nxc6 15.
bxc6 Rb8 16. Bc3 Bc7 17. Be2 d4 18. exd4 Nd5 19. Rc1 Re8 20. Kd1 Qg5 21. Bf3
Bg4 22. Bxa5 Ra8 23. Rxc5 Bxa5 24. Qc2 Bxf3+ 25. gxf3 Qg2 0-1

[Event "4NCL/Div2/3CS1 vs. WES1"]
[Site "West Bromwich ENG"]
[Date "2003.05.03"]
[Round "9.3"]
[White "Clarke, Stuart W"]
[Black "Simons, Martin J"]
[Result "1/2-1/2"]
[WhiteElo "2287"]
[BlackElo "2262"]
[PlyCount "53"]
[EventDate "2003.05.03"]

1. e4 Nc6 2. Nc3 Nf6 3. d4 d6 4. Nf3 Bg4 5. Be3 e6 6. h3 Bh5 7. Bd3 Be7 8. a3
a6 9. g4 Bg6 10. g5 Nd7 11. Qd2 b5 12. h4 Bh5 13. Be2 Nb6 14. b3 d5 15. Ne5
Nxe5 16. Bxh5 Nc6 17. e5 Qd7 18. Ne2 Nd8 19. O-O Nb7 20. Nf4 g6 21. Bg4 h5 22.
gxh6 Bxh4 23. Nd3 Nc8 24. a4 c6 25. axb5 cxb5 26. Rfc1 Ne7 27. c4 1/2-1/2

[Event "4NCL/Div2/3CS1 vs. WES1"]
[Site "West Bromwich ENG"]
[Date "2003.05.03"]
[Round "9.4"]
[White "Corkett, Anthony R"]
[Black "James, Dale R"]
[Result "1-0"]
[WhiteElo "2322"]
[BlackElo "2214"]
[PlyCount "59"]
[EventDate "2003.05.03"]

1. e4 c5 2. Nf3 Nc6 3. Bb5 g6 4. O-O Bg7 5. Re1 Nf6 6. c3 a6 7. Bxc6 dxc6 8. h3
O-O 9. d4 Qa5 10. Nbd2 cxd4 11. cxd4 Be6 12. Qe2 Rfd8 13. Nc4 Bxc4 14. Qxc4 Ne8
15. Be3 Nd6 16. Qc2 h6 17. Red1 Rac8 18. a3 Ne8 19. Rac1 Qb5 20. b4 Nd6 21. Qb1
Nc4 22. a4 Qxa4 23. Rxc4 a5 24. Qc2 Qxc2 25. Rxc2 axb4 26. Rb1 c5 27. Rxc5 Rxc5
28. dxc5 Bc3 29. Kf1 Kg7 30. Ke2 1-0

[Event "4NCL/Div2/3CS1 vs. WES1"]
[Site "West Bromwich ENG"]
[Date "2003.05.03"]
[Round "9.5"]
[White "Ashton, Adam G"]
[Black "Upton, Ian J"]
[Result "1/2-1/2"]
[WhiteElo "2197"]
[BlackElo "2224"]
[PlyCount "51"]
[EventDate "2003.05.03"]

1. e4 e6 2. d4 d5 3. Nc3 Nf6 4. e5 Nfd7 5. Nf3 c5 6. dxc5 Nc6 7. Bf4 Bxc5 8.
Bd3 f6 9. exf6 Nxf6 10. Qe2 O-O 11. O-O-O Bd7 12. Ne5 Qe7 13. Rhe1 Rae8 14. Kb1
a6 15. f3 Bb4 16. Bd2 Nxe5 17. Qxe5 Bd6 18. Qg5 Qf7 19. Qh4 Qh5 20. Qxh5 Nxh5
21. g3 Nf6 22. f4 g6 23. Re2 Kf7 24. Rde1 Rg8 25. Nd1 h6 26. Bc3 1/2-1/2

[Event "4NCL/Div2/3CS1 vs. WES1"]
[Site "West Bromwich ENG"]
[Date "2003.05.03"]
[Round "9.6"]
[White "Yeo, Michael J"]
[Black "Longson, Alexander"]
[Result "0-1"]
[WhiteElo "2251"]
[BlackElo "2202"]
[PlyCount "68"]
[EventDate "2003.05.03"]

1. e4 d6 2. d4 e5 3. dxe5 dxe5 4. Qxd8+ Kxd8 5. Bc4 f6 6. Be3 Nd7 7. Nc3 c6 8.
Nge2 Bc5 9. Bxc5 Nxc5 10. b4 Ne6 11. O-O Nh6 12. Rfd1+ Ke7 13. Rd2 b5 14. Bb3
a5 15. bxa5 Rxa5 16. Rad1 Nc5 17. f3 Ra7 18. Nc1 Be6 19. Nd3 Nxd3 20. Rxd3 Nf7
21. Kf2 Rd8 22. Rxd8 Nxd8 23. Rxd8 Bxb3 24. Rc8 Kd7 25. Rh8 Bxc2 26. Rxh7 Kd6
27. Ke3 b4 28. Kd2 Ba4 29. Nxa4 Rxa4 30. Rxg7 Rxa2+ 31. Kc1 Kc5 32. Kb1 Rf2 33.
h4 Kc4 34. h5 Kc3 0-1

[Event "4NCL/Div2/3CS1 vs. WES1"]
[Site "West Bromwich ENG"]
[Date "2003.05.03"]
[Round "9.7"]
[White "Gordon, Stephen J"]
[Black "Allicock, Rawle A"]
[Result "1-0"]
[WhiteElo "2189"]
[BlackElo "2302"]
[PlyCount "75"]
[EventDate "2003.05.03"]

1. d4 Nf6 2. Nf3 d5 3. c4 e6 4. g3 Be7 5. Bg2 O-O 6. O-O Nbd7 7. Qc2 c6 8. Nbd2
b6 9. Rd1 Bb7 10. b3 Rc8 11. e4 c5 12. e5 Ne8 13. Bb2 dxc4 14. Qxc4 Nc7 15. Qe2
cxd4 16. Nc4 Nd5 17. Nxd4 Ba8 18. Nb5 Rc5 19. a4 a6 20. Nbd6 b5 21. axb5 axb5
22. Ne3 Qb8 23. b4 Rc7 24. Nxd5 Bxd5 25. Bxd5 exd5 26. Rxd5 Bxd6 27. Rxd6 Re8
28. e6 Nf8 29. exf7+ Rxf7 30. Qd2 Ne6 31. h4 Qc8 32. Rc1 Qb7 33. Re1 Rfe7 34.
Qd5 Qc8 35. Rc1 Qb8 36. Rcc6 Qb7 37. Rb6 Qc7 38. Rxe6 1-0

[Event "4NCL/Div2/3CS1 vs. WES1"]
[Site "West Bromwich ENG"]
[Date "2003.05.03"]
[Round "9.8"]
[White "Khoo, Teresa"]
[Black "Kosteniuk, Oxana"]
[Result "1/2-1/2"]
[WhiteElo "2076"]
[BlackElo "2184"]
[PlyCount "80"]
[EventDate "2003.05.03"]

1. e4 c5 2. c3 d5 3. exd5 Qxd5 4. d4 Nf6 5. Nf3 Bg4 6. Be2 e6 7. O-O cxd4 8.
cxd4 Qa5 9. Qb3 Qb4 10. Bb5+ Nfd7 11. Qxb4 Bxb4 12. Ne5 Bh5 13. a3 Ba5 14. Bf4
a6 15. Ba4 b5 16. Bc2 O-O 17. Be4 Ra7 18. Nc6 Nxc6 19. Bxc6 Nf6 20. Nd2 Rd8 21.
Nb3 Bb6 22. Rac1 h6 23. h3 Be2 24. Rfe1 Bc4 25. Nd2 Bd5 26. Bxd5 Rxd5 27. Nf3
Ra8 28. Be3 Ne4 29. Rc6 Ba5 30. Rec1 Rad8 31. Kh2 R5d6 32. R6c2 Bb6 33. Kg1 Kf8
34. Kh2 Ke7 35. Kg1 f6 36. Kh2 R8d7 37. Rc8 Rd8 38. R8c2 R8d7 39. Rc8 Rd8 40.
R8c2 R8d7 1/2-1/2

[Event "4NCL/Div2/WRO1 vs. SWD2"]
[Site "West Bromwich ENG"]
[Date "2003.05.03"]
[Round "9.1"]
[White "Dunnington, Angus J"]
[Black "Trevelyan, John"]
[Result "1-0"]
[WhiteElo "2388"]
[BlackElo "2191"]
[PlyCount "29"]
[EventDate "2003.05.03"]

1. d4 d6 2. e4 e5 3. Nf3 Nf6 4. Nc3 Nbd7 5. Bc4 Be7 6. O-O O-O 7. a4 c6 8. Ba2
h6 9. Nh4 Nxe4 10. Nxe4 Bxh4 11. Nxd6 exd4 12. Qh5 Nf6 13. Bxf7+ Kh7 14. Qg6+
Kh8 15. Bxh6 1-0

[Event "4NCL/Div2/WRO1 vs. SWD2"]
[Site "West Bromwich ENG"]
[Date "2003.05.03"]
[Round "9.2"]
[White "Spice, Alan"]
[Black "McFarland, Robert S"]
[Result "1-0"]
[WhiteElo "2163"]
[BlackElo "2292"]
[PlyCount "81"]
[EventDate "2003.05.03"]

1. Nc3 g6 2. h4 Nf6 3. d4 Bg7 4. Bg5 d6 5. Bxf6 exf6 6. e3 c6 7. Qd2 Nd7 8. h5
a6 9. h6 Bf8 10. e4 b5 11. O-O-O Qa5 12. Kb1 Nb6 13. Qf4 Be7 14. Nf3 b4 15. Ne2
Be6 16. Nc1 g5 17. Qe3 Nc4 18. Bxc4 Bxc4 19. e5 Be6 20. d5 cxd5 21. Nb3 Qd8 22.
exf6 Bxf6 23. Nbd4 Kd7 24. Rhe1 Bg4 25. Qb3 Qa5 26. Nf5 Bxf5 27. Rxd5 Bxc2+ 28.
Kxc2 Qc7+ 29. Kb1 Rhe8 30. Red1 Re6 31. Nd4 Bxd4 32. R5xd4 a5 33. Qf3 Rf8 34.
Qf5 Ke7 35. Qxg5+ f6 36. Qf5 Rf7 37. Re4 Re5 38. f4 Rxe4 39. Qxe4+ Kf8 40. Qa8+
Ke7 41. Re1+ 1-0

[Event "4NCL/Div2/WRO1 vs. SWD2"]
[Site "West Bromwich ENG"]
[Date "2003.05.03"]
[Round "9.3"]
[White "Gourlay, Iain"]
[Black "May, Frank"]
[Result "1/2-1/2"]
[WhiteElo "2276"]
[BlackElo "2161"]
[PlyCount "82"]
[EventDate "2003.05.03"]

1. Nf3 d5 2. g3 Nf6 3. Bg2 e6 4. c4 Be7 5. O-O O-O 6. b3 Nbd7 7. d4 c5 8. cxd5
Nxd5 9. Bb2 cxd4 10. Bxd4 b6 11. Nc3 Bb7 12. Qd2 Nxc3 13. Bxc3 Nc5 14. Qb2 Bf6
15. Rad1 Bxc3 16. Qxc3 Qe7 17. Rd4 e5 18. Rdd1 f6 19. b4 Ne6 20. Rd2 Rfd8 21.
Rfd1 Rxd2 22. Rxd2 Rc8 23. Qb2 Rd8 24. Qb3 Rxd2 25. Nxd2 Bxg2 26. Kxg2 Kf8 27.
Qd5 g6 28. Nc4 Kg7 29. a3 h5 30. h4 Qf7 31. Kf1 Nd4 32. Qxf7+ Kxf7 33. e3 Nb5
34. Ke2 Ke6 35. Kd3 Nd6 36. Nxd6 Kxd6 37. Kc4 Kc6 38. b5+ Kd6 39. f3 g5 40. e4
gxh4 41. gxh4 Ke6 1/2-1/2

[Event "4NCL/Div2/WRO1 vs. SWD2"]
[Site "West Bromwich ENG"]
[Date "2003.05.03"]
[Round "9.4"]
[White "Adams, Mark A"]
[Black "Gayson, Peter M"]
[Result "0-1"]
[WhiteElo "2106"]
[BlackElo "2247"]
[PlyCount "67"]
[EventDate "2003.05.03"]

1. e4 c5 2. Nf3 e6 3. d4 cxd4 4. Nxd4 Nf6 5. Nc3 d6 6. Be3 a6 7. f3 b5 8. Qd2
Bb7 9. g4 Nfd7 10. O-O-O Ne5 11. Rg1 Qc7 12. f4 Nc4 13. Bxc4 Qxc4 14. a3 Nd7
15. Qe2 Rc8 16. g5 Qxe2 17. Ndxe2 Be7 18. h4 g6 19. Ng3 h5 20. Rge1 O-O 21. f5
Ne5 22. f6 Bd8 23. Bf4 Bc7 24. Kb1 Nc4 25. Nf1 Ba5 26. Bxd6 Nxb2 27. Bxf8 Nxd1
28. Rxd1 Kxf8 29. Ne2 Bxe4 30. Nd4 e5 31. Ng3 Bg2 32. Nb3 Bb6 33. Rd6 Bf2 34.
Rd2 {time} 0-1

[Event "4NCL/Div2/WRO1 vs. SWD2"]
[Site "West Bromwich ENG"]
[Date "2003.05.03"]
[Round "9.5"]
[White "Burnett, Jim"]
[Black "Brown, Alan M"]
[Result "1-0"]
[WhiteElo "2187"]
[BlackElo "2133"]
[PlyCount "51"]
[EventDate "2003.05.03"]

1. d4 Nf6 2. c4 e6 3. Nf3 b6 4. a3 Bb7 5. Nc3 Be7 6. d5 O-O 7. e4 exd5 8. cxd5
d6 9. Be2 a5 10. Qc2 Nbd7 11. O-O Re8 12. Re1 Nc5 13. Bb5 Nfd7 14. Bd2 Bf6 15.
Rab1 Re7 16. b4 axb4 17. axb4 Na6 18. Ne2 Nab8 19. Ned4 Ne5 20. Nxe5 Rxe5 21.
Nf5 g6 22. Nh6+ Kf8 23. Ng4 Rh5 24. Nxf6 Qxf6 25. Be2 Rh4 26. Qxc7 1-0

[Event "4NCL/Div2/WRO1 vs. SWD2"]
[Site "West Bromwich ENG"]
[Date "2003.05.03"]
[Round "9.6"]
[White "Powell, Lloyd"]
[Black "Barrett, Steve J"]
[Result "0-1"]
[WhiteElo "2024"]
[BlackElo "2140"]
[PlyCount "124"]
[EventDate "2003.05.03"]

1. d4 Nf6 2. c4 g6 3. Nc3 Bg7 4. e4 d6 5. Be2 O-O 6. Nf3 Bg4 7. O-O Nfd7 8. Be3
c5 9. d5 Qa5 10. Qc2 Na6 11. Rfc1 Rfb8 12. a3 Qd8 13. Rab1 Nc7 14. Re1 a6 15.
a4 Bxf3 16. gxf3 e6 17. Qd2 Qh4 18. Bg5 Qh3 19. Bf1 Qh5 20. f4 exd5 21. Be2 Qh3
22. Qd1 Nf6 23. Bf1 Qd7 24. cxd5 Re8 25. Bg2 h6 26. Bh4 Nh5 27. Qf3 f5 28. Bh3
Qf7 29. exf5 gxf5 30. Rbd1 b5 31. Bf1 b4 32. Nb1 Bxb2 33. Nd2 Bf6 34. Bxf6 Nxf6
35. Nc4 Rxe1 36. Rxe1 Rd8 37. Bg2 Kh7 38. Ne3 Nfe8 39. Bh3 Ng7 40. Qd1 Re8 41.
Bg2 Qf6 42. Qf3 Qc3 43. Rb1 b3 44. Qd1 Rxe3 45. fxe3 Qxe3+ 46. Kh1 c4 47. Bf3
Qxf4 48. Qe2 Qd4 49. Rd1 Qc5 50. Rg1 Qd4 51. Qg2 b2 52. Qg6+ Kg8 53. Qg2 c3 54.
Qc2 Nxd5 55. Qb3 Kh7 56. Bxd5 c2 57. Rxg7+ Kxg7 58. Qb7+ Kf6 59. Qf7+ Ke5 60.
Qe6+ Kf4 61. Qxd6+ Ke3 62. Qg3+ Kd2 0-1

[Event "4NCL/Div2/WRO1 vs. SWD2"]
[Site "West Bromwich ENG"]
[Date "2003.05.03"]
[Round "9.7"]
[White "van Kemenade, Rudy"]
[Black "Evans-Quek, Debbie"]
[Result "1-0"]
[WhiteElo "2142"]
[BlackElo "2020"]
[PlyCount "63"]
[EventDate "2003.05.03"]

1. e4 c5 2. Nf3 a6 3. c4 Nc6 4. d4 cxd4 5. Nxd4 Qc7 6. Nc3 e6 7. Nc2 Nf6 8. f4
Bb4 9. Nxb4 Nxb4 10. e5 Ng8 11. Ne4 Ne7 12. Nd6+ Kf8 13. a3 Nbc6 14. Be3 b6 15.
Qh5 Nd8 16. Qf3 Rb8 17. Qf2 Nf5 18. Nxf5 exf5 19. Rd1 Ne6 20. b4 g5 21. Rd6 b5
22. c5 a5 23. Bd3 axb4 24. axb4 gxf4 25. Bxf4 Rg8 26. Bh6+ Ke8 27. Bxf5 Bb7 28.
Bh3 Rg6 29. O-O Bxg2 30. Qxf7+ Kd8 31. Bxg2 Qb7 32. Qxg6 1-0

[Event "4NCL/Div2/WRO1 vs. SWD2"]
[Site "West Bromwich ENG"]
[Date "2003.05.03"]
[Round "9.8"]
[White "Cast, Jason"]
[Black "van Kemenade, Julie"]
[Result "1-0"]
[WhiteElo "1840"]
[BlackElo "1664"]
[PlyCount "33"]
[EventDate "2003.05.03"]

1. e4 d6 2. d4 g6 3. Nc3 Bg7 4. Bg5 Nd7 5. Nf3 Ngf6 6. Bc4 e5 7. dxe5 dxe5 8.
Qd2 O-O 9. O-O-O Re8 10. Rhe1 c6 11. a3 b5 12. Ba2 a5 13. Qd6 Qb6 14. Be3 Qb7
15. Ng5 Bf8 16. Nxf7 Kg7 17. Bh6+ 1-0

[Event "4NCL/Div2/BAR3 vs. ATH1"]
[Site "West Bromwich ENG"]
[Date "2003.05.03"]
[Round "9.1"]
[White "Mack, Andrew"]
[Black "Spreeuw, Jaap"]
[Result "1-0"]
[WhiteElo "2272"]
[BlackElo "2313"]
[PlyCount "139"]
[EventDate "2003.05.03"]

1. e4 c5 2. Nf3 Nc6 3. Bb5 Qb6 4. Nc3 e6 5. Bxc6 Qxc6 6. d4 cxd4 7. Qxd4 b6 8.
O-O Ba6 9. Re1 Nf6 10. Bg5 Bc5 11. Qd2 Bb4 12. Rad1 Bxc3 13. bxc3 Rc8 14. Bxf6
gxf6 15. Qd4 Rf8 16. e5 f5 17. Re3 Bb7 18. Nh4 Rg8 19. f3 Rc7 20. Red3 Qc5 21.
Kf2 Ke7 22. Qxc5+ bxc5 23. f4 Be4 24. Rh3 Rg4 25. g3 Rb7 26. Nf3 Rb2 27. Ng5
Rxc2+ 28. Ke1 Rxg5 29. fxg5 f4 30. gxf4 Rxa2 31. Rd2 Ra1+ 32. Kf2 c4 33. Re3
Bd3 34. Re1 Ra3 35. Rc1 a5 36. Ke3 a4 37. Kd4 Rb3 38. Ra1 a3 39. h4 Rb2 40. Ke3
Rb3 41. Kd4 Rb2 42. Ke3 Rb3 43. Rda2 Rxc3 44. Rxa3 Rc2 45. R3a2 Rc3 46. Kd4 Rb3
47. h5 Bf5 48. Rf2 Rh3 49. Kxc4 Rxh5 50. Rd2 Be4 51. Rd6 Rh4 52. Ra7 Rxf4 53.
Rdxd7+ Kf8 54. Rd4 Bd5+ 55. Kc5 Rf5 56. Kd6 Kg7 57. Rxd5 exd5 58. e6 Rxg5 59.
Rxf7+ Kg8 60. Rf3 Rg1 61. e7 Re1 62. Rf8+ Kg7 63. e8=Q Rxe8 64. Rxe8 d4 65. Ke5
d3 66. Rd8 Kg6 67. Rxd3 Kg5 68. Rg3+ Kh4 69. Kf4 h5 70. Rg5 1-0

[Event "4NCL/Div2/BAR3 vs. ATH1"]
[Site "West Bromwich ENG"]
[Date "2003.05.03"]
[Round "9.2"]
[White "van Voorthuijsen, Pieter W"]
[Black "Manley, Jon P"]
[Result "1-0"]
[WhiteElo "2301"]
[BlackElo "2196"]
[PlyCount "55"]
[EventDate "2003.05.03"]

1. d4 Nf6 2. c4 g6 3. g3 Bg7 4. Bg2 O-O 5. Nf3 d6 6. O-O c6 7. Nc3 Qa5 8. e4 e5
9. h3 Na6 10. Be3 Be6 11. Qe2 Nc7 12. Rfc1 b5 13. cxb5 Nxb5 14. Nxb5 cxb5 15.
dxe5 Nxe4 16. Nd4 d5 17. Nxe6 fxe6 18. Bxe4 dxe4 19. Qg4 Rad8 20. Qxe6+ Kh8 21.
b4 Qxb4 22. Rab1 Qa4 23. Rc7 Rd1+ 24. Rxd1 Qxd1+ 25. Kh2 Qa1 26. Rc8 h6 27.
Rxf8+ Bxf8 28. Qe8 1-0

[Event "4NCL/Div2/BAR3 vs. ATH1"]
[Site "West Bromwich ENG"]
[Date "2003.05.03"]
[Round "9.3"]
[White "Ozeren, Kemal"]
[Black "Wade, Robert G"]
[Result "1/2-1/2"]
[WhiteElo "2160"]
[BlackElo "2213"]
[PlyCount "88"]
[EventDate "2003.05.03"]

1. d4 d6 2. e4 Nf6 3. Nc3 c6 4. Be3 Qa5 5. Qd2 e5 6. Nf3 Be7 7. Bd3 Ng4 8. Ne2
Qxd2+ 9. Bxd2 exd4 10. Nexd4 Ne5 11. Nxe5 dxe5 12. Nf3 Nd7 13. Bc4 f6 14. Be3
Bc5 15. Ke2 a5 16. Be6 Bxe3 17. Kxe3 Ke7 18. Bxd7 Bxd7 19. Ne1 Rhd8 20. Nd3 Be6
21. a3 b6 22. b4 Rd6 23. Rhb1 a4 24. Rd1 Rad8 25. Nb2 Rxd1 26. Rxd1 Rxd1 27.
Nxd1 Kd6 28. Nb2 b5 29. Nd3 f5 30. f4 exf4+ 31. Nxf4 fxe4 32. Nxe6 Kxe6 33.
Kxe4 c5 34. c3 Kd6 35. g4 g5 36. Kf5 cxb4 37. cxb4 Kd5 38. Kxg5 Kc4 39. Kh6 Kb3
40. Kxh7 Kxa3 41. g5 Kxb4 42. g6 a3 43. g7 a2 44. g8=Q a1=Q 1/2-1/2

[Event "4NCL/Div2/BAR3 vs. ATH1"]
[Site "West Bromwich ENG"]
[Date "2003.05.03"]
[Round "9.4"]
[White "Quinn, John M"]
[Black "Flower, David"]
[Result "1/2-1/2"]
[WhiteElo "2196"]
[BlackElo "2128"]
[PlyCount "63"]
[EventDate "2003.05.03"]

1. d4 d6 2. c4 e5 3. e3 c6 4. Nc3 Nf6 5. dxe5 dxe5 6. Qxd8+ Kxd8 7. Nf3 Bd6 8.
Bd2 Ke7 9. h3 h6 10. g4 Na6 11. O-O-O Nc5 12. Be1 a5 13. Be2 Be6 14. Nh4 g6 15.
Rf1 e4 16. f4 exf3 17. Nxf3 Nfe4 18. Nd4 Nxc3 19. Bxc3 Ne4 20. Be1 Ng3 21. Bxg3
Bxg3 22. Nxe6 Kxe6 23. c5 Ke7 24. Bc4 f6 25. Bd3 g5 26. Bf5 Rhd8 27. Kc2 Rxd1
28. Rxd1 Rd8 29. Rd3 Rxd3 30. Kxd3 Kd8 31. Ke4 Be5 32. b3 1/2-1/2

[Event "4NCL/Div2/BAR3 vs. ATH1"]
[Site "West Bromwich ENG"]
[Date "2003.05.03"]
[Round "9.5"]
[White "Williamson, Paul L"]
[Black "Spivack, Simon"]
[Result "1/2-1/2"]
[WhiteElo "2149"]
[BlackElo "2162"]
[PlyCount "62"]
[EventDate "2003.05.03"]

1. d4 Nf6 2. c4 g6 3. Nc3 Bg7 4. e4 d6 5. f3 O-O 6. Be3 Nc6 7. Qd2 Re8 8. Nge2
Rb8 9. Nc1 a6 10. Nb3 Bd7 11. Be2 e5 12. d5 Ne7 13. O-O b6 14. a3 Rf8 15. Nc1
Ne8 16. b4 f5 17. c5 Bc8 18. cxb6 cxb6 19. Nd3 f4 20. Bf2 h5 21. Rfc1 g5 22. h3
Rf6 23. Kf1 Rg6 24. Ke1 g4 25. hxg4 hxg4 26. Kd1 g3 27. Bg1 Bd7 28. Kc2 b5 29.
Kb3 Nc8 30. Rc2 Nb6 31. Nb2 Bf6 1/2-1/2

[Event "4NCL/Div2/BAR3 vs. ATH1"]
[Site "West Bromwich ENG"]
[Date "2003.05.03"]
[Round "9.6"]
[White "Stevenson, James AB"]
[Black "Galloway, Iain"]
[Result "1/2-1/2"]
[WhiteElo "2124"]
[BlackElo "2118"]
[PlyCount "58"]
[EventDate "2003.05.03"]

1. e4 c5 2. Nf3 d6 3. d4 cxd4 4. Nxd4 Nf6 5. Nc3 g6 6. g3 Bg7 7. Bg2 O-O 8. O-O
Bg4 9. Nde2 Nc6 10. h3 Bd7 11. Nf4 Rc8 12. Nfd5 Nxd5 13. Nxd5 Re8 14. c3 Na5
15. Qd3 Nc4 16. a4 b5 17. axb5 Bxb5 18. Qc2 a5 19. Rd1 e6 20. Ne3 Qb6 21. Nxc4
Bxc4 22. Be3 Qc7 23. Qa4 Rb8 24. Qxa5 Qxa5 25. Rxa5 Rxb2 26. Rxd6 Bxc3 27. Ra7
Be5 28. Rdd7 Bb8 29. Rab7 Rxb7 1/2-1/2

[Event "4NCL/Div2/BAR3 vs. ATH1"]
[Site "West Bromwich ENG"]
[Date "2003.05.03"]
[Round "9.7"]
[White "Moore, John C"]
[Black "Gruettner, Ralf"]
[Result "1/2-1/2"]
[WhiteElo "2093"]
[BlackElo "2053"]
[PlyCount "33"]
[EventDate "2003.05.03"]

1. e4 Nf6 2. Nc3 d5 3. exd5 Nxd5 4. Bc4 c6 5. d4 Bf5 6. Nf3 e6 7. a3 Nd7 8.
Nxd5 cxd5 9. Bd3 Bg4 10. h3 Bh5 11. O-O Bd6 12. Re1 O-O 13. c3 Rc8 14. a4 Bb8
15. g3 Re8 16. Be3 a6 17. Kg2 1/2-1/2

[Event "4NCL/Div2/BAR3 vs. ATH1"]
[Site "West Bromwich ENG"]
[Date "2003.05.03"]
[Round "9.8"]
[White "Milligan, Helen"]
[Black "Smith, Lucy"]
[Result "1/2-1/2"]
[WhiteElo "2111"]
[BlackElo "1560"]
[PlyCount "46"]
[EventDate "2003.05.03"]

1. e4 c5 2. Nf3 d6 3. d4 cxd4 4. Nxd4 a6 5. c4 Nc6 6. Nc3 g6 7. Be2 Bg7 8. Be3
Nf6 9. O-O O-O 10. Rc1 Nd7 11. Qd2 Nxd4 12. Bxd4 Bxd4 13. Qxd4 Nf6 14. Rfd1 Be6
15. e5 dxe5 16. Qxe5 Qb8 17. Qg5 Rd8 18. b3 Rxd1+ 19. Rxd1 Qc7 20. Qd2 Rc8 21.
Bf3 Kg7 22. Ne4 Nxe4 23. Bxe4 Kg8 1/2-1/2

[Event "4NCL/Div2/WWKS vs. NWE1"]
[Site "West Bromwich ENG"]
[Date "2003.05.03"]
[Round "9.1"]
[White "Lawton, Geoff W"]
[Black "Shaw, John K"]
[Result "1-0"]
[WhiteElo "2402"]
[BlackElo "2464"]
[PlyCount "93"]
[EventDate "2003.05.03"]

1. d4 d5 2. c4 c6 3. Nc3 dxc4 4. e4 b5 5. a4 b4 6. Na2 e6 7. Bxc4 Nf6 8. e5 Nd5
9. Nf3 Be7 10. O-O Nd7 11. Bd2 a5 12. Nc1 O-O 13. Nb3 Bb7 14. Qe2 Rc8 15. Rac1
Ra8 16. Bd3 N5b6 17. Nc5 Nxc5 18. dxc5 Nxa4 19. Be3 Nxb2 20. Bb1 Ba6 21. Qxb2
Bxf1 22. Kxf1 Qc7 23. Nd2 Rfb8 24. Nc4 Rd8 25. Qc2 g6 26. Qa4 Ra6 27. Nd6 Rb8
28. Ba2 Raa8 29. Bb3 Bf8 30. Ra1 Bg7 31. Bd4 Qd7 32. Bc4 h6 33. Qc2 Qe7 34. g3
Qd7 35. Bb3 Ra6 36. Ba4 Qc7 37. Rb1 Rd8 38. Rb3 Rf8 39. Qd3 Raa8 40. Qe4 Ra6
41. h4 h5 42. g4 hxg4 43. Qxg4 Bh6 44. h5 Kh7 45. Rf3 g5 46. Qe4+ Kg7 47. Bc2
1-0

[Event "4NCL/Div2/WWKS vs. NWE1"]
[Site "West Bromwich ENG"]
[Date "2003.05.03"]
[Round "9.2"]
[White "Hanley, Craig A"]
[Black "Hynes, Anthony"]
[Result "0-1"]
[WhiteElo "2375"]
[BlackElo "2221"]
[PlyCount "32"]
[EventDate "2003.05.03"]

1. e4 e5 2. Nf3 Nc6 3. Bb5 f5 4. Nc3 fxe4 5. Nxe4 d5 6. Nxe5 dxe4 7. Nxc6 Qg5
8. Qe2 Nf6 9. f4 Qh4+ 10. g3 Qh3 11. d3 a6 12. dxe4 axb5 13. Qxb5 bxc6 14.
Qxc6+ Kf7 15. e5 Bd7 16. Qxc7 Qg2 0-1

[Event "4NCL/Div2/WWKS vs. NWE1"]
[Site "West Bromwich ENG"]
[Date "2003.05.03"]
[Round "9.3"]
[White "Mason, Don"]
[Black "Crouch, Colin S"]
[Result "0-1"]
[WhiteElo "2256"]
[BlackElo "2380"]
[PlyCount "60"]
[EventDate "2003.05.03"]

1. e4 Nf6 2. e5 Nd5 3. d4 d6 4. Nf3 Bg4 5. Be2 c6 6. O-O Bxf3 7. Bxf3 dxe5 8.
dxe5 e6 9. Nd2 Nd7 10. Re1 Qc7 11. Nc4 N7b6 12. Qe2 O-O-O 13. Nxb6+ Qxb6 14. a3
Bc5 15. c4 Ne7 16. Bg5 h6 17. Bxe7 Bxe7 18. b4 Bg5 19. Red1 Rxd1+ 20. Rxd1 Rd8
21. c5 Rxd1+ 22. Qxd1 Qd8 23. Qa4 Qd3 24. h4 Bxh4 25. Qxa7 Qd4 26. b5 Qxf2+ 27.
Kh1 Qe1+ 28. Kh2 Qxe5+ 29. Kh1 Qe1+ 30. Kh2 Bg3+ 0-1

[Event "4NCL/Div2/WWKS vs. NWE1"]
[Site "West Bromwich ENG"]
[Date "2003.05.03"]
[Round "9.4"]
[White "Quillan, Gary"]
[Black "Thomas, Nicholas"]
[Result "0-1"]
[WhiteElo "2305"]
[BlackElo "2256"]
[PlyCount "104"]
[EventDate "2003.05.03"]

1. e4 e6 2. d4 d5 3. Nd2 Nf6 4. e5 Nfd7 5. c3 c5 6. Bd3 Nc6 7. Ne2 cxd4 8. cxd4
f6 9. exf6 Nxf6 10. O-O Bd6 11. Nf3 Qc7 12. g3 O-O 13. Bf4 Ng4 14. Rc1 Bxf4 15.
Nxf4 Rxf4 16. gxf4 Qxf4 17. Be2 Bd7 18. Qd2 Qf5 19. Rc3 Nf6 20. Qe3 Ng4 21. Qd2
Nf6 22. Rb3 Ne4 23. Qe3 b6 24. Bb5 Rf8 25. Bxc6 Bxc6 26. Rc1 Ba4 27. Ra3 Bb5
28. Rxa7 Qg4+ 29. Kh1 Rxf3 30. Rc8+ Rf8 31. Rxf8+ Kxf8 32. f3 Qh3 33. Ra8+ Ke7
34. Ra7+ Bd7 35. Kg1 Nf6 36. Rb7 b5 37. Rb8 Kf7 38. Qa3 Qf5 39. Rf8+ Kg6 40.
Qb3 Qg5+ 41. Kf1 Qd2 42. Qc3 Qxc3 43. bxc3 Be8 44. Ke2 Kf5 45. Ke3 g5 46. Kd3
Kg6 47. Kc2 Kg7 48. Rxe8 Nxe8 49. Kb3 Kf7 50. Kb4 Nd6 51. Kc5 Ke7 52. Kc6 Ne4
0-1

[Event "4NCL/Div2/WWKS vs. NWE1"]
[Site "West Bromwich ENG"]
[Date "2003.05.03"]
[Round "9.5"]
[White "Dighton, Simon"]
[Black "Charleshouse, Glenn L"]
[Result "1-0"]
[WhiteElo "2235"]
[BlackElo "2238"]
[PlyCount "65"]
[EventDate "2003.05.03"]

1. e4 e6 2. d4 c5 3. c3 d5 4. e5 Nc6 5. Nf3 Bd7 6. Be2 Qc7 7. O-O f6 8. Bf4 g5
9. Bg3 g4 10. exf6 Bd6 11. Ng5 Nxf6 12. Bxg4 Bxg3 13. fxg3 Nxg4 14. Qxg4 O-O-O
15. Nf7 e5 16. Qd1 cxd4 17. Nxh8 Rxh8 18. cxd4 Nxd4 19. Nc3 Bc6 20. Rc1 Qd6 21.
Qg4+ Kb8 22. Rcd1 Re8 23. Rfe1 Qc5 24. Kh1 Nc2 25. Na4 Qf8 26. Rf1 Qh6 27. Nc5
Ne3 28. Qb4 Nxd1 29. Rf7 Nf2+ 30. Kg1 b6 31. Na6+ Kc8 32. Kxf2 Qd2+ 33. Qxd2
1-0